000 00478nam a2200181 i 4500
001 bg
100 1 _aSELL, Leon
245 0 _aMaszynoznawstwo ogólne i części maszyn w pytaniach i odpowiedziach /
_cL. Sell.
250 _aWyd.2.
260 _aWarszawa,
_c1980.
650 9 _aMaszyny
_xbudowa i konstrukcje
655 _aPodręczniki akademickie
040 _cBPK
041 _apol
080 _a621.01(075.8)
942 _cKS
008 s pl f |000 0 pol
999 _c6084
_d6084
856 _uhttp://koha.tu.koszalin.pl/cgi-bin/koha/opac-detail.pl?biblionumber=6084
_yKatalog online BPK